| 000 | 00594cam a2200217ua 4500 | ||
|---|---|---|---|
| 001 | 10069 | ||
| 008 | 170328n ii |||gr||||Z||||||asm | ||
| 020 | _a9789382030010 | ||
| 040 | _cMAIN | ||
| 041 | _aasm | ||
| 082 | _a320.954 | ||
| 100 |
_aLahon, Thaneswar, _eAuthor. |
||
| 245 |
_aBharatar shasan byabastha aru rajniti _cBy Thaneswar Lahon and Swarna Jyoti Das |
||
| 250 | _a2nd ed. | ||
| 260 |
_aJorhat: _bUnika prakashan, _c2014. |
||
| 300 | _a428p. | ||
| 653 | _aPolitical science | ||
| 653 | _aIndian government and politics | ||
| 700 |
_aDas, Swarna Jyoti, _eAuthor. |
||
| 942 | _cBK | ||
| 999 |
_c9068 _d9068 |
||